Normal view
MARC view
- Richard J. Schmidt
Entry Corporate Name
001 - CONTROL NUMBER
- control field: 124073
003 - CONTROL NUMBER IDENTIFIER
- control field: NUST
005 - DATE AND TIME OF LATEST TRANSACTION
- control field: 20240704190401.0
008 - FIXED-LENGTH DATA ELEMENTS
- fixed length control field: 240704|| aca||aabn | a|a d
040 ## - CATALOGING SOURCE
- Original cataloging agency: NUST
- Transcribing agency: NUST
110 ## - HEADING--CORPORATE NAME
- Corporate name or jurisdiction name as entry element: Richard J. Schmidt
670 ## - SOURCE DATA FOUND
- Source citation: Work cat.: (NUST): Arthur P. Boresi 13407, Advanced Mechanics of Materials, 2018.
